[Event "PER-ch"]
[Site "Lima"]
[Date "2023.09.02"]
[Round "7"]
[White "Coronado Carrion, Teddy Francisco"]
[Black "Parra Gonzales, Andre Leonardo"]
[Result "0-1"]
[WhiteElo "1428"]
[BlackElo "1865"]
[PlyCount "96"]
[EventDate "2023.08.29"]
[EventType "swiss"]
[EventRounds "9"]
[EventCountry "PER"]
[SourceTitle "EXT 2024"]
[Source "ChessBase"]
[SourceDate "2023.10.10"]
[SourceVersion "1"]
[SourceVersionDate "2023.10.10"]
[SourceQuality "1"]

1. d4 Nf6 2. Nf3 e6 3. e3 b6 4. Bd3 Bb7 5. b3 d5 6. 0-0 c5 7. Bb2 Be7 8. Nbd2 Nbd7 9. Ne5 0-0 10. Qf3 Qc7 11. Qh3 g6 12. f4 Ne4 13. dxc5 Nxe5 14. Bxe5 Qxc5 15. Bd4 Qc7 16. Qh6 f6 17. Nf3 Bc5 18. Nh4 Rf7 19. Nf3 Re8 20. Rae1 Bf8 21. Qh4 Bg7 22. Ba1 Qc8 23. a4 Ba6 24. Rc1 Rc7 25. Bb2 Nc5 26. Bxa6 Nxa6 27. Bxf6 Rxc2 28. Rxc2 Qxc2 29. Bxg7 Kxg7 30. Nd4 Qe4 31. Rf3 Nc5 32. Qe1 Kg8 33. h3 Qd3 34. Qb4 e5 35. fxe5 Rxe5 36. Nc6 Rxe3 37. Rf1 Re4 38. Qa3 Qxb3 39. Qa1 d4 40. Kh2 Qxa4 41. Nxa7 Qxa1 42. Rxa1 d3 43. Rd1 Rd4 44. Nb5 Rb4 45. Nc3 Rb2 46. Kg3 b5 47. Rb1 Ne4+ 48. Kf4 Rxb1 0-1

[Event "PER-ch"]
[Site "Lima"]
[Date "2023.08.29"]
[Round "1"]
[White "Callupe Matias, Obed Esteban"]
[Black "Coronado Carrion, Teddy Francisco"]
[Result "0-1"]
[WhiteElo "1101"]
[BlackElo "1428"]
[PlyCount "66"]
[EventDate "2023.08.29"]
[EventType "swiss"]
[EventRounds "9"]
[EventCountry "PER"]
[SourceTitle "EXT 2024"]
[Source "ChessBase"]
[SourceDate "2023.10.10"]
[SourceVersion "1"]
[SourceVersionDate "2023.10.10"]
[SourceQuality "1"]

1. e4 c5 2. c4 e5 3. Nc3 Nc6 4. g3 d6 5. Bg2 Be6 6. d3 Be7 7. Nge2 a6 8. h3 Rb8 9. 0-0 b5 10. b3 g5 11. Kh2 h5 12. f3 g4 13. fxg4 hxg4 14. h4 Bxh4 15. gxh4 Qxh4+ 16. Kg1 g3 17. Rf3 Qh2+ 18. Kf1 Nge7 19. Bg5 Rg8 20. Qd2 f6 21. Bxf6 Bh3 22. Ng1 Bg4 23. Re3 Rf8 24. Nf3 Rxf6 25. Ke1 Nd4 26. Nxh2 gxh2 27. Bh1 Kd7 28. Qxh2 Rbf8 29. Ne2 Rf1+ 30. Kd2 Rxa1 31. Nxd4 cxd4 32. Qh6 Rf2+ 33. Re2 Rxe2# 0-1